Дело об увольнении ученого еврея при управлении Санкт-Петербургского учебного округа Зейберлинга от этой должности с оставлением...

Доступно только в Электронных читальных залах Найти на картеНа карте
RUSMARC
00003845nmc2a22002413x 450
001ddfb5da7-bc53-4519-9114-fcd8781cb1bf
00520210825164709.0
100##$a20210316l18641889k l0rusy0189 ca
1010#$arus
102##$aRU
105##$ay###
1222#$ad
2001#$aДело об увольнении ученого еврея при управлении Санкт-Петербургского учебного округа Зейберлинга от этой должности с оставлением его членом Комитета рассмотрения еврейских учебных руководств и об увольнении его в отпуск
$j8 декабря 1864 г. - 9 сентября 1889 г.
215##$a238 л.
$d36,5х26 см
251##$cДело
300##$aДело
371##$aДокумент не является опубликованным и широко распространяемым
461#0$1001a74412a3-3cc5-4d21-8f0a-dfe2fbd9e72d
$12001
$aДепартамент народного просвещения Министерства народного просвещения (1803-1917)
$1251
$cФонд
$1852
$j733
462#0$1001208a61b7-2020-4ed4-afdc-eeb27c3654e1
$12001
$aДела Департамента народного просвещения по части образования евреев (1863-1892 гг.)
$1251
$cОпись
$1852
$j189
801#0$aRU
$bРГИА
$c20210316
$gRCR
801#1$aRU
$bГлавНИВЦ
$c20210316
$2rusmarc
801#2$aRU
$bПБ им. Б.Н. Ельцина
$c20210825
$gRCR
$2rusmarc
850##$aРГИА
852##$aРГИА
$eФедеральное казенное учреждение "Российский государственный исторический архив" (РГИА)
$j99
937##$hРГИА
$d12362390
$aASBIBLIO_SCAN
035##$aRusGRCC00025950
856##$uhttp://readingroom.main.prlib.ru/item.aspx?id_node=n167745161&mode=full
Формат отображения